<?xml version="1.0" encoding="UTF-8"?>
<collection xmlns="http://www.loc.gov/MARC21/slim">
  <record>
    <leader>00000nam  2200000   4500</leader>
    <controlfield tag="001">INLIS000000000810058</controlfield>
    <controlfield tag="005">20251016090918</controlfield>
    <datafield tag="035" ind1="#" ind2="#">
      <subfield code="a">0010-1025000041</subfield>
    </datafield>
    <controlfield tag="007">ta</controlfield>
    <controlfield tag="008">251016###########################0#ara##</controlfield>
    <datafield tag="082" ind1="#" ind2="#">
      <subfield code="a">297.124</subfield>
    </datafield>
    <datafield tag="084" ind1="#" ind2="#">
      <subfield code="a">R 297.124 ASQ f</subfield>
    </datafield>
    <datafield tag="245" ind1="#" ind2="#">
      <subfield code="a">Fathul Bari Syarh Shahih al-Bukhari /</subfield>
      <subfield code="c">Ahmad bin Ali bin Hajar al-‘Asqalani</subfield>
    </datafield>
    <datafield tag="250" ind1="#" ind2="#">
      <subfield code="a">Cet. 1</subfield>
    </datafield>
    <datafield tag="260" ind1="#" ind2="#">
      <subfield code="a">Beirut :</subfield>
      <subfield code="b">Dar al-Quds,</subfield>
      <subfield code="c">2016 M / 1437 H</subfield>
    </datafield>
    <datafield tag="520" ind1="#" ind2="#">
      <subfield code="a">Merupakan syarah (penjelasan) paling terkenal terhadap Sahih al-Bukhari. Kitab ini menjelaskan makna hadis, sanad, fiqh, dan istidlal (pengambilan hukum) dari hadis-hadis dalam Sahih al-Bukhari.</subfield>
    </datafield>
    <datafield tag="600" ind1="#" ind2="4">
      <subfield code="a">Hadis dan ilmu hadis</subfield>
    </datafield>
  </record>
</collection>
